=LDR 00000nam 2200000 4500 =001 INLIS000000000048870 =990 ##$$a 21601933 =005 20241030030917 =990 ##$$a 21601930 =035 ##$$a 0010-011700000000151 =990 ##$$a 21601931 =008 241030################b##########0#ind## =990 ##$$a 21601932 =040 ##$$a NBPDMAT =990 ##$$a 21601934 =082 ##$$a 028 .5 =084 ##$$a 028 .5 DWI c =100 ##$$a Dwi Candra P. =245 1#$$a Cita-citaku menjadi dokter /$c dwi candra p ; Nofiyanto =250 ##$$a Ed .1. =260 ##$$a Yogyakarta :$b rainbow,$c 2014 =300 ##$$a 42 hlm . : $b ilus. ; $c 28 cm =650 #4$$a Bacaan anak-anak =700 #$$a Nofiyanto =020 ##$$a 9789792921762 =990 ##$$a 21601930 =990 ##$$a 21601931 =990 ##$$a 21601932 =990 ##$$a 21601933 =990 ##$$a 21601934